Guess The Taylor Swift song with no hints - Statistics

General Stats
  • This quiz has been taken 479 times
  • The average score is 259 of 330
Answer Stats
Answer % Correct
i
100%
a
97%
you
97%
the
94%
and
92%
it
92%
your
92%
we
91%
me
90%
in
89%
do
88%
on
88%
to
88%
when
88%
my
86%
love
85%
like
84%
were
84%
you're
84%
of
83%
are
82%
was
82%
can
81%
so
81%
all
80%
for
80%
never
80%
no
79%
mine
78%
then
78%
us
78%
but
77%
But
77%
ever
77%
see
77%
time
77%
'cause
76%
have
76%
said
76%
just
75%
at
73%
away
73%
back
73%
august
72%
could
72%
get
71%
up
71%
car
70%
door
70%
had
70%
hope
70%
air
69%
before
69%
lost
69%
you'd
69%
call
68%
moment
68%
remember
68%
cancel
67%
case
67%
meet
67%
plans
67%
Salt
67%
slipped
67%
bottle
66%
wine
66%
behind
65%
lose
65%
mall
65%
memory
65%
more
65%
bedsheets
64%
much
64%
rust
64%
sure
64%
anything
63%
live
63%
livin'
63%
still
63%
whispers
63%
needed
62%
summer
62%
better
61%
into
61%
thinkin'
61%
weren't
61%
enough
60%
twisted
60%
name
59%
pulled
58%
write
58%
beneath
56%
changin'
56%
school
56%
wanting
56%
wishin'
56%
sun
54%
canceled
53%
saying
51%
will
51%
No matching quizzes found
Score Distribution
Percent of People with Each Score
Percentile by Number Answered
Your Score History
You have not taken this quiz